Problems of capital formation in underdeveloped countries
保存先:
| 第一著者: | |
|---|---|
| フォーマット: | 図書 |
| 言語: | 英語 |
| 出版事項: |
Oxford
Basil Blackwell
1953
|
| 主題: | |
| タグ: |
タグ追加
タグなし, このレコードへの初めてのタグを付けませんか!
|
MARC
| LEADER | 00000nam a2200000 a 4500 | ||
|---|---|---|---|
| 001 | UCQ1253 | ||
| 003 | CL-VaPUC | ||
| 008 | 980709e19530000UK |||||||||||||||||eng|d | ||
| 082 | 0 | 4 | |a 338.9 |b NUR |2 21 |
| 100 | |a Nurkse, Ragnar |e author |9 414974 | ||
| 245 | 1 | 0 | |a Problems of capital formation in underdeveloped countries |
| 300 | |a 163 p | ||
| 942 | |c BK | ||
| 945 | |d 19980709 00:00:00 |a crobeson | ||
| 260 | |a Oxford |b Basil Blackwell |c 1953 | ||
| 650 | 7 | |a SUBDESARROLLO |2 CL-VaPUC |9 337696 | |
| 650 | 7 | |a PAISES EN RECESION |2 CL-VaPUC |9 338231 | |
| 650 | 7 | |a OPERACIONES DE OBTENCION DE CAPITAL |2 CL-VaPUC |9 388773 | |
| 650 | 7 | |a GANANCIAS DE CAPITAL |2 CL-VaPUC |9 346456 | |
| 650 | 7 | |a MOVIMIENTO DE CAPITALES |2 CL-VaPUC |9 334178 | |
| 583 | |a last modification |c 19980709 00:00:00 |k Rodrigo Vera | ||
| 999 | |c 272256 |d 272254 | ||